| 000 | 01857nam0a22003131 4500 | ||
|---|---|---|---|
| 001 | v19\rc\1231692 | ||
| 005 | 20250617230119.0 | ||
| 035 | _a(NLR Aleph) 004391992 | ||
| 090 |
_a3765008 _c3765008 |
||
| 100 | _a20060306e18811881|||y0rusy50 ca | ||
| 101 | 0 | _arus | |
| 102 | _aRU | ||
| 105 | _ay z ||||| | ||
| 200 | 1 |
_aЗаметка о Mackrocheira Kaempferi Sieb., хранящегося [!] в Зоологическом кабинете Харьковского университета _f[Соч.] В. Соколова |
|
| 210 |
_aХарьков _cУнив. тип. _d1881 |
||
| 215 |
_a3 с. _d25 |
||
| 309 | _aБез тит. л. и обл. | ||
| 311 | _aОтд. отт. из "Трудов О-ва испытателей природы при Харьковск. ун-те". Т. 15 | ||
| 316 |
_aЭкз. РНБ (18.295.1.60): приплетен к: Соколов, В.П. Случай нахождения Filaria immitis Leydy в сердце собаки. Харьков, 1882 _5NLR: 18.295.1.60 |
||
| 482 | 0 |
_12001#$aСлучай нахождения Filaria immitis Leydy в сердце собаки _1210##$aХарьков$d1882 _1700#1$aСоколов$bВ.П. _tСлучай нахождения Filaria immitis Leydy в сердце собаки _aСоколов, В.П. |
|
| 488 | 0 |
_12001#$aТруды Общества испытателей природы при Харьковском университете$vТ. 15 _tТруды Общества испытателей природы при Харьковском университете |
|
| 700 | 1 |
_aСоколов _bВ. П. _cзоолог _gВладимир Петрович _9262166 _3RU\NLR\AUTH\770262222 |
|
| 801 | 0 |
_aRU _bNLR _gpsbo |
|
| 801 | 1 |
_aRU _bProSoft-M _2rusmarc |
|
| 852 |
_aNLR _j18.295.1.60 |
||
| 852 |
_aNLR _j18.217.3.209 |
||
| 942 | _cBOOK | ||
| 980 | _aNB | ||